1711 1512 1873 1752 1517 1797 1695 1394 1902 1555 1833 1297 1533 1587 1873 1411 1661 1301 1148 1575 1204 1717 1401 1802 1515 1694 1731 1748 1310 1243 1894 1766 1577 1087 1119 1391 1034 1222 1218 1738 1380 1081 1422 1374 1164 1915 1272 1611 1748 1575 1360 1191 1072 1831 1438 1024 2000 1930 1936 1153 1922 1156 1749 1043 1466 1364 1584 1221 1969 1949 1619 1225 1079 1039 1458 1114 1261 1575 1038 1506 1237 1330 1425 1479 1603 1800 1400 1841 1179 1494 1073 1018 1880 1344 1212 1422 1720 1271 1304 BCNSPRNW ULIB Ver.6.0+V

เปลี่ยนเป็นภาษาไทย

Change to English
 แสดงรายละเอียดบรรณานุกรม
  กลับหน้าหลัก

Brief Record : Get Marc (ISO 2709) : E-mail record : QR code < ปิดหน้าต่าง
LEADER : 00000nam 2200000uu 4500
001    13399113747
003     ULIB
008    111221s2543||||th 000 0 tha d
020    ^a9742990603
060 04 ^aWA390^bส181ฝ 2543
245 00 ^aฝ่าวิกฤตสุขภาพ /^cสำนักงานปฏิรูประบบสุขภาพแห่งชาติ
250    ^aพิมพ์ครั้งที่ 1
260    ^aกรุงเทพฯ :^bสถาบันวิจัยระบบสาธารณสุข,^c2543
300    ^a168 หน้า ;^c21 ซม.
650  7 ^aสุขภาพ^vการประชุม
650  7 ^aสาธารณสุข^vการประชุม
650  7 ^aการปฏิรูระบบบริการสาธารณสุข^vการประชุม
700 0  ^aอำพล จินดาวัฒนะ,^eบรรณาธิการ
710 2  ^aสถาบันวิจัยระบบสาธารณสุข
945    ^p0^l0^i12424
945    ^p0^l0^i12425
945    ^p0^l0^i12426
945    ^p0^l0^i12423
945    ^p0^l0^i12422
995    ^aกัณชพร
999 ^a ใช้งานได้ทุกระบบ
รายการนี้ยังไม่มีแท็ก
คุณยังไม่ได้ล็อกอิน คุณสามารถมีกิจกรรมร่วมกับเว็บไซต์ได้ แต่ต้องล็อกอินก่อน ::
  ล็อกอิน

รายการสื่อสารสนเทศ

ลำดับที่ ประเภท เลขเรียก/บาร์โค้ด สถานที่ สถานะ
- ไม่พบข้อมูล -

BibComment


ยังไม่เคยถูกคอมเมนท์

คอมเมนท์ทรัพยากรรายการนี้
  คอมเมนท์: ฝ่าวิกฤตสุขภาพ ..


 Copyright 2026. Bcnsprnw @Library